01067nam a22002531 450000100060000000300080000600500170001400800410003103500190007204000320009104100080012308200220013110000410015324502190019426000420041330000340045550000280048950400200051761000390053765100620057694200120063899900170065095201460066728001BD-RjUL20211209051227.0140329r19691898nyuc 001 0 eng  a(BD-RjUL)28082 aDLCcDLCdDLCdBD-RjULbeng aeng00a975.502bBRF 19691 aBrown, Alexander,d1843-1906.98588314aThe first republic in America :ban account of the origin of this Nation, written from the records then (1624) concealed by the Council, rather than from the histories then licensed by the Crown /cAlexander Brown. aNew York :bRussell & Russell,c1969. axxiv, 688 p. :bport.c22 cm. aReprint of the 1898 ed. aIncludes index.20aVirginia Company of London.985886 0aVirginiaxHistoryyColonial period, ca. 1600-1775.985885 2ddccBK c28001d28001 00102ddc40728NFICaRUCLbRUCLcReadingd1985-09-28eAsia Foundation, Gift.l0o975.502 BRF 1969r2014-03-29 00:00:00tC-1w2014-03-29yBK